| 000 | 00774nam a2200241 a 4500 | ||
|---|---|---|---|
| 003 | BLK | ||
| 005 | 20250726100700.0 | ||
| 007 | ta | ||
| 008 | 221104b bu |||||r|||| 00| | bu d | ||
| 020 | _a9789542734949 | ||
| 040 | _aBLK | ||
| 041 |
_aBUL _cBUL |
||
| 080 |
_9227592 _aБългарска литература _b821.163.2 _x-31 _z821.163.2-31 |
||
| 084 | _aЛ 24 | ||
| 100 |
_9394784 _aЛаптева, Гергана Гришева |
||
| 245 |
_aСъкровището на Цезар _cГергана Лаптева |
||
| 260 |
_9209434 _aСофия _bЕгмонт България _c2025 |
||
| 300 |
_a640 с. _c22 см |
||
| 380 | _aX | ||
| 856 |
_i0.00 _ldisable |
||
| 942 |
_cKNG _n0 _09 |
||
| 944 |
_cНора Радева _k30575 _a30545 _lМартин Енчев |
||
| 999 |
_c543189 _d543189 |
||